000 00270 a2200121 4500
001 86411
082 _a080 AHQ
090 _c40607
_d40607
100 _aAHQ
245 _aWhat matters
_bPakistan Air Force
260 _aIslamabad
_bTrg Branch PAF
_c2013
300 _a94 p.
942 _aNUST-CAE
_k080 AHQ
999 _c321484
_d321484